Tvorba mapových podkladov pre rekonštrukciu vodohospodárskeho systému jazera Počúvadlo

Salvato in:
Dettagli Bibliografici
Autore principale: Szabo, Michal (Autore)
Altri autori: Ježko, Ján (Relatore della tesi)
Natura: Manoscritto Libro
Lingua:slovacco
Pubblicazione: 2017
Soggetti:
Accesso online:http://is.stuba.sk/zp/portal_zp.pl?podrobnosti=131438
https://opac.crzp.sk/?fn=detailBiblioForm&sid=82D5162064037F62A49780F7A2EE
Tags: Aggiungi Tag
Nessun Tag, puoi essere il primo ad aggiungerne!!

MARC

LEADER 00000ntm a22000003a 4500
001 stuzp63426
003 SK-STU
005 20230809142933.3
007 ta
008 150427s2015----xo-----f-mn---000-0-slo-d
040 |a STU  |b slo 
041 0 |a slo 
100 1 |a Szabo, Michal  |u 010140  |4 aut  |U SvF Stavebná fakulta  |T SvF Katedra geodézie  |X 75912  |U V140  |Y 14  |7 75912 
242 0 1 |a Creating maps for the reconstruction of water management of the lake Počúvadlo  |y eng 
245 1 0 |a Tvorba mapových podkladov pre rekonštrukciu vodohospodárskeho systému jazera Počúvadlo 
260 |c 2017 
650 4 |a Geodézia  |2 slo 
650 4 |a Elektronická tachymetria  |2 slo 
650 4 |a 3D model  |2 slo 
650 4 |a Surveying  |2 eng 
650 4 |a 3D model  |2 eng 
650 4 |a Electrical tachymetry  |2 eng 
700 1 |a Ježko, Ján  |u 010140  |k Z1  |4 ths  |U SvF Stavebná fakulta  |T SvF Katedra geodézie  |X 881  |U V140  |Y 14  |7 A000000881 
856 4 |u http://is.stuba.sk/zp/portal_zp.pl?podrobnosti=131438 
856 4 |u https://opac.crzp.sk/?fn=detailBiblioForm&sid=82D5162064037F62A49780F7A2EE